000
00273nam a2200121Ia 4500
008
190216s9999||||xx |||||||||||||| ||und||
100
_a
Ernest Dale
245
0
_a
Management Theory And Practice
260
_b
Null
_c
1965
300
_a
656p
650
_a
Commerce
942
_c
BK
999
_c
4034
_d
4034